| Tag |
First Indicator |
Second Indicator |
Subfields |
| LEADER |
00000cam a22000008a 4500 |
| 001 |
in00000577008 |
| 005 |
20151014065937.0 |
| 008 |
841002s1985 nyua b 00000 eng |
| 010 |
|
|
|a 84023355
|
| 020 |
|
|
|a 0867291028 :
|c $125.00
|
| 035 |
|
|
|a (OCoLC)11289504
|
| 035 |
|
|
|9 ACN8517AM
|
| 039 |
0 |
|
|a 2
|b 3
|c 3
|d 3
|e 3
|
| 040 |
|
|
|a DLC
|c DLC
|d TXA
|d UtOrBLW
|
| 049 |
|
|
|a TXAM
|c [A09081856]
|
| 050 |
0 |
0 |
|a HF5548.2
|b .C463 1985
|
| 082 |
0 |
|
|a 651.8/4
|2 19
|
| 245 |
0 |
4 |
|a The Changing workplace :
|b a guide to managing the people, organizational, and regulatory aspects of office technology /
|c Alan F. Westin [and others].
|
| 264 |
|
1 |
|a White Plains, N.Y. :
|b Knowledge Industry Publications, Inc.,
|c 1985.
|
| 300 |
|
|
|a 1 volume (various paging) :
|b illustrations
|
| 336 |
|
|
|a text
|b txt
|2 rdacontent
|
| 337 |
|
|
|a unmediated
|b n
|2 rdamedia
|
| 338 |
|
|
|a volume
|b nc
|2 rdacarrier
|
| 490 |
1 |
|
|a Information and communications management guides
|
| 504 |
|
|
|a Bibliography: p. B-1-B15.
|
| 650 |
|
0 |
|a Office practice
|x Automation
|x Management.
|
| 700 |
1 |
|
|a Westin, Alan F.
|
| 830 |
|
0 |
|a Information and communications management guides.
|
| 999 |
|
|
|a MARS
|
| 999 |
f |
f |
|s 3405e681-f865-3ef6-9fca-f35b93bed46c
|i cd6ce9cd-81ed-3c3a-84c0-b0ae429b8962
|t 0
|
| 952 |
f |
f |
|p ric
|a Texas A&M University
|b Rellis Campus
|c Joint Library Facility
|d Remote Storage
|t 0
|e HF5548.2 .C463 1985
|h Library of Congress classification
|i unmediated -- volume
|m A14809081856
|
| 998 |
f |
f |
|a HF5548.2 .C463 1985
|t 0
|l Remote Storage
|